000 00306nam a22001097a 4500
008 160420b xxu||||| |||| 00| 0 eng d
020 _a9780323054089
041 _aeng
080 _a618.2
245 _aNursing outcomes classification (NOC):
_cSue Moorhead; Marion Johnson; Meridean L. Maas;
942 _2udc
_cBK
999 _c1449
_d1449